00299nam a2200121Ia 4500008004100000100002000041245004200061260003200103300000800135650001000143942000700153999001700160190216s9999||||xx |||||||||||||| ||und|| aAntan Makarenko 0aHindi-Yek Pusthak Matha Pitha Ke Liye bGeethanjali Prakashanc2008 a287 aHindi cBK c16780d16780